000 00415nam a2200181Ia 4500
001 17434
005 20260306171517.0
008 260306s9999||||xx |||||||||||||| ||und||
041 _aESP
082 _a658
_bB141 V. 29
100 _aNueno, J. L.
_eAUT
245 0 _aPrincig estratégico
260 _c1997
300 _a122 páginas :
_c25 cm.
650 _aGEN
654 _aCAN
942 _cLIB
_dJUS
_fJUS
_2ddc
_n
999 _c17434
_d17434